Equipos del fútbol inglés con imágenes - Estadísticas

Estadísticas generales
  • Esta prueba ha sido intentada 30 veces
  • La puntuación promedio es 23 de 35
Estadísticas de respuestas
Imagen Respuesta % Correcto
Arsenal
100%
Manchester United
100%
Liverpool
96%
Manchester City
89%
Tottenham Hotspur
89%
Aston Villa
86%
Chelsea
82%
West Ham United
79%
Brentford
75%
Brighton & Hove Albion
75%
Swansea City
75%
Wolverhampton Wanderers
75%
Leicester City
71%
Newcastle United
71%
Nottingham Forest
71%
Everton
68%
Bournemouth
64%
Crystal Palace
64%
Leeds United
64%
Norwich City
64%
Southampton
64%
Blackburn Rovers
61%
Sunderland
61%
Fulham
57%
Ipswich Town
57%
Sheffield United
54%
Derby County
50%
Hull City
50%
Luton Town
46%
Sheffield Wednesday
46%
Coventry City
39%
Watford
39%
Cardiff City
29%
Middlesbrough
29%
Stoke City
29%
No se encontraron pruebas coincidentes
Distribución de puntuación
Porcentaje de gente con cada puntuación
Porcentaje por número respondido
Historial de tus puntuaciones
No has intentado esta prueba.